Conversaciones entre Jesús, Jehová y Hitler.

Bewaard in:
Bibliografische gegevens
Hoofdauteur: Ferrari, León (autor)
Andere auteurs: Badariotti, Silvia (edición), Wain, Andrea (introducción)
Formaat: Onbekend
Gepubliceerd in: Ciudad Autónoma de Buenos Aires, Argentina: Ripio, 2020.
Editie:1a ed.
Onderwerpen:
Tags: Voeg label toe
Geen labels, Wees de eerste die dit record labelt!

MARC

LEADER 00000 a2200000 4500
003 CL-VaPUC
005 20230330111304.0
008 230116t2020 ||||| |||| 00| 0 eng d
999 |c 439889  |d 439887 
020 |a 978-987-46999-3-0 
040 |c Pontificia Universidad Católica de Valparaíso 
082 |a Ar867 FER 2020  |2 22 
100 |a Ferrari, León  |9 592530  |e autor 
245 |a Conversaciones entre Jesús, Jehová y Hitler. 
250 |a 1a ed. 
260 |a Ciudad Autónoma de Buenos Aires, Argentina:   |b Ripio,   |c 2020. 
300 |a 117 páginas. 
583 |k GC  |c 20230116 
600 0 |9 558390  |a Nazaret, Jesús de   |x Sátira  |x Literatura argentina  
600 0 |9 314467  |a Dios  |v Sátira   |x Jehová  |x Judaísmo  
600 0 |9 878844  |a Hitler, Adolfo  |d 1889-1945  |x Literatura argentina   |x Sátira  
650 0 |a Literatura argentina  |9 320596  |v Diálogos   |x Personajes históricos  
700 |a Badariotti, Silvia   |e edición  |9 879910 
700 |a Wain, Andrea  |e introducción  |9 879911 
942 |2 ddc  |c BK 
952 |0 0  |1 0  |2 ddc  |4 0  |6 AR_867_000000000000000_FER_2020  |7 0  |8 A  |9 588629  |a BIBART  |b BIBART  |c GEN  |d 2023-01-13  |e 135  |g 15000.00  |i 5656409  |o Ar867 FER 2020  |p 5656409  |r 2025-03-13  |t 1  |v 15000.00  |w 2023-01-13  |y BK  |k ART